| 000 | 00627nam a2200229Ia 4500 | ||
|---|---|---|---|
| 003 | OSt | ||
| 005 | 20220926022749.0 | ||
| 006 | a|||||r|||| 00| 0 | ||
| 007 | ta | ||
| 008 | 220923b |||||||| |||| 00| 0 eng d | ||
| 037 | _cGeneral Book | ||
| 040 |
_aRTL _cRTL _beng |
||
| 041 |
_2eng _aeng |
||
| 082 | _aU6715, N3 | ||
| 100 |
_aAlley William M Ed. _9328226 |
||
| 245 | 0 | _aRegional ground - Water quality | |
| 260 |
_aNew York _bVan Nostrand Reinhold U S A _c1993 |
||
| 300 |
_axix,634p _ccm. |
||
| 650 | _aGeography | ||
| 942 |
_hU6715, N3 _cGB _2CC |
||
| 999 |
_c640230 _d640230 |
||